Čo odčerpá vláda, chýba podnikateľom. Profil menovej politiky Národnej banky Slovenska.
Rozhovor s riaditeľom menového odboru Národnej banky Slovenska o profilovaní menovej politiky Slovenska na r. 1993: 17 perc. miera inflácie, menový program, 15 perc. miera rastu úverov podnikom a obyvateľstvu a čisté úvery bankovej sféry poskytované vláde (v r. 1992 prekročené v celej ČSFR), úverové...
Salvato in:
| Autore principale: | |
|---|---|
| Altri autori: | |
| Natura: | Capitolo di libro |
| Lingua: | slovacco |
| Soggetti: | |
| Tags: |
Nessun Tag, puoi essere il primo ad aggiungerne!!
|
MARC
| LEADER | 00000naa a2200000 4500 | ||
|---|---|---|---|
| 001 | r011484 | ||
| 005 | 20220826094144.1 | ||
| 041 | 0 | |a slo | |
| 044 | |a [CS] | ||
| 245 | 1 | 0 | |a Čo odčerpá vláda, chýba podnikateľom. |b Profil menovej politiky Národnej banky Slovenska. |c Štefan Adamec, E. Klimešová |
| 520 | |a Rozhovor s riaditeľom menového odboru Národnej banky Slovenska o profilovaní menovej politiky Slovenska na r. 1993: 17 perc. miera inflácie, menový program, 15 perc. miera rastu úverov podnikom a obyvateľstvu a čisté úvery bankovej sféry poskytované vláde (v r. 1992 prekročené v celej ČSFR), úverové limity, pôžičky z MMF, menová odluka. | ||
| 610 | 2 | 0 | |a politika menová |
| 610 | 2 | 0 | |a Slovensko |
| 610 | 2 | 0 | |a 1993 |
| 610 | 2 | 0 | |a inflácia |
| 610 | 2 | 0 | |a úver bankový |
| 610 | 2 | 0 | |a limity úverové |
| 610 | 2 | 0 | |a pôžičky zahraničné |
| 610 | 2 | 0 | |a Medzinárodný menový fond |
| 100 | 1 | |a Adamec, Štefan | |
| 700 | 1 | |a Klimešová, E. | |